| 000 | 00724nam a2200253Ia 4500 | ||
|---|---|---|---|
| 003 | OSt | ||
| 005 | 20221005043941.0 | ||
| 006 | a|||||r|||| 00| 0 | ||
| 007 | ta | ||
| 008 | 221004b |||||||| |||| 00| 0 eng d | ||
| 024 | _a42814 | ||
| 037 | _cTextual | ||
| 040 |
_aCRL _cCRL _beng |
||
| 041 |
_2eng _aeng |
||
| 082 | _aO122,2N05x, 111M2 | ||
| 100 | _aSartre Jean-Paul | ||
| 245 | 0 | _aThree plays respectable prostitut Lucifer and the Lord in Camera | |
| 260 |
_aHarmensworth _bPenguin Books _c1982 |
||
| 300 |
_a223p _ccm. |
||
| 650 | _a ENGLISH LITERATURE | ||
| 650 |
_aFRENCH LITERATURE _913614 |
||
| 942 |
_hO122,2N05x, 111M2 _cTEXL _2cc |
||
| 999 |
_c952604 _d952604 |
||